000 01234 a2200217 4500
001 47674
005 20260407155743.0
008 260407a1996 arg spa d
003 AR-UNSa-BCEJYS
040 _aAR-UNSa-BCEJYS
_bspa
_cAR-UNSa-BCEJYS
080 _a336.741.2
_xNaturaleza de la moneda. Teoría general del dinero
245 1 0 _aEl dinero
020 _a950-9122-41-6
264 1 _aBarcelona :
_bEdiciones Ariel
_c1996
300 _a299 p.
_c22 cm.
505 _a1. El dinero - 2. Monedas y tesoros - 3. Bancos - 4. El banco - 5. El papel - 6. Un instrumento de revolución - 7. La guerra del dinero - 8. El gran compromiso - 9. El precio - 10. El sistema impecable - 11. La caída - 12. La inflación final - 13. Heridas por propia manos - 14. Cuando el dinero se detuvo - 15. La amenaza de lo imposible - 16. El advenimiento de J. M. Keynes - 17. La guerra y la elección siguiente - 18. Los buenos años: la preparación - 19. El cenit de la nueva economía - 20. Dinero y política - 21. A partir de los ochenta.
942 _cBK
590 _aniveau_biblio:m niveau_hierar:0
100 1 _aGalbraith, John Kenneth
856 4 1 _uhttps://biblioeco.unsa.edu.ar/pmb/images/libros/L127638.jpg
_yImagen de portada
_qimage/jpeg
999 _c4437
_d4437